000 01599nam a2200469 c 4500
001 5038
003 ES-MaCES
005 20250121040008.0
008 980129s1997 sp ||| | spa d
017 _aM-34861-1997
_bDL
020 _a8477991383
024 7 _a207-97-061-8
_2nipo
035 _aCES19980050779m
040 _aES-MaCES
_bspa
_cES-MaCES
245 0 3 _aLa discriminación por razón de sexo en la negociación colectiva
_ccoordina, Teresa Pérez del Río ; [autoras] María Amparo Ballester Pastor, et al.
260 _aMadrid
_bInstituto de la Mujer
_cD.L. 1997
300 _a325 p.
_c24 cm
490 1 _aEstudios
_v50
504 _aBibliografía
541 _cGratuito
650 4 _aEspaña
_926964
650 4 _adiscriminación por razones de sexo
_929521
650 4 _atrabajadora
_928413
650 4 _anegociación colectiva
_928362
650 4 _aconvenio colectivo
_928361
650 4 _alaudo arbitral
_929860
650 4 _aigualdad de oportunidades
_927183
650 4 _aoportunidades de empleo
_927182
650 4 _acondiciones de trabajo
_928327
650 4 _adiferencia del salario
_929458
650 4 _amaternidad
_929512
650 4 _aacoso sexual
_929555
650 4 _asalud en el trabajo
_928347
653 1 0 _aMujer
700 1 _aBallester Pastor, María Amparo
_96982
700 1 _aPérez del Río, Teresa
_ecol.
_920750
710 2 _aInstituto de la Mujer (España)
_eed.
_94190
830 0 _aEstudios (Instituto de la Mujer (España))
_v50
_932074
902 _aLIB Libro
942 _2CES
_cBK
_h3.3.
999 _c5038
_d5038